00789nam a2200205 a 450000100100000000500170001000800410002704000250006808200150009310000360010824500830014426000440022730000300027150000630030150000410036450400410040504900100044695201120045699900150056800000670220200929153958.0090902s199u dr 000 0 spa d aDO-SdBNPbspacBNPHU axxxxbO78d1 aOrtíz, Víctor Raúl91866310aDesarrollo de la conciencia moral en los jóvenes /cVíctor Raúl Ortíz. aSanto Domingo :bAmigo del Hogar,c199? a244 p. :bretr. ;c24 cm. aIncluye datos biográficos del autor en la contracubierta aIncluye notas al pie de la páginas aIncluye bibliografías (p. 227-229) aBNPHU 0010718PDaPDbPDcCTd2009-09-02iLF1l0oxxxx O78dp6702-10r2020-06-25w2020-06-25yLFPDZNo se presta c6491d6491